000 00592nam a2200205Ia 4500
003 GCL
008 140319s9999 xx 000 0 ara d
040 _aGCL /
_cGCL
082 0 4 _a372.63
_bم م
100 1 _aمجدى شاكر سعيد
245 1 0 _aالمرشد فى الاملاء /
_cمجدى شاكر سعيد
260 _a[S.N] :
_bدار الشروق ،
_c1988
300 _a91 ص
490 _a
650 0 4 _aطرق التدريس
650 0 4 _aالتعليم
650 0 4 _aاللغة العربية
650 0 4 _aقواعد الاملاء والهجاء
942 _2ddc
_cBK
999 _c30053
_d30053